| 000 | 00704nam a22002177a 4500 | ||
|---|---|---|---|
| 999 |
_c159954 _d159954 |
||
| 005 | 20190110170610.0 | ||
| 006 | a|||||f|||| 00| 0 | ||
| 007 | tc | ||
| 008 | 181207b |||||f|||| 00| 0 eng d | ||
| 010 | _aB-218419-B-218422 | ||
| 020 | _c122.00(per set) | ||
| 035 | _aB-218419 | ||
| 037 | _bAICB | ||
| 082 | _a621 | ||
| 245 | _aComputer Education | ||
| 260 |
_aNew Delhi _bAICB _cn.d. |
||
| 270 |
_aSector-5, Rohini _bNew Delhi _e110085 _k011-27054082 |
||
| 300 |
_aPt-II, 2V.,various pages _c30cm.(HB) |
||
| 942 |
_2ddc _cBRLEN _h621 _mCOM |
||